[Event "Niedersachsen-ch Seniors op 14th"]
[Site "Bad Bevensen"]
[Date "2011.07.08"]
[Round "4"]
[White "Fischer, Paul"]
[Black "Borkenhagen, Bernd"]
[Result "1-0"]
[WhiteElo "1670"]
[BlackElo "1469"]
[PlyCount "99"]
[EventDate "2011.07.05"]
[EventType "swiss"]
[EventRounds "9"]
[EventCountry "GER"]
[SourceTitle "EXT 2012"]
[Source "ChessBase"]
[SourceDate "2011.11.24"]
[SourceVersion "1"]
[SourceVersionDate "2011.11.24"]
[SourceQuality "1"]

1. Nc3 Nf6 2. e4 e5 3. Nf3 d6 4. Bc4 Be7 5. 0-0 c6 6. d4 exd4 7. Qxd4 0-0 8. Bd3 Nbd7 9. Bf4 Qc7 10. e5 dxe5 11. Nxe5 Nxe5 12. Bxe5 Qd8 13. Qh4 g6 14. Qh6 Nh5 15. Qe3 Bf6 16. Bxf6 Nxf6 17. Rad1 Qc7 18. h3 Rd8 19. Qg5 Kg7 20. Rfe1 h6 21. Qc5 Be6 22. a4 b6 23. Qe3 Nd5 24. Nxd5 cxd5 25. Qd4+ Kh7 26. Re3 Rg8 27. Rde1 Rae8 28. Bb5 Rd8 29. c3 Qc5 30. Qf6 Qc8 31. Bd3 Rg7 32. h4 h5 33. Qg5 Rd6 34. Qxh5+ Kg8 35. Qe5 Qd8 36. Rg3 Qe7 37. h5 f6 38. Qe2 gxh5 39. Rxg7+ Kxg7 40. Qxh5 Qf7 41. Qh7+ Kf8 42. Qh2 Rd8 43. Re3 d4 44. Rg3 dxc3 45. bxc3 Ke7 46. Re3 Rd6 47. Qh4 Kd7 48. Bb5+ Kc7 49. Qf4 Qf8 50. Rxe6 1-0

[Event "Niedersachsen-ch Seniors op 14th"]
[Site "Bad Bevensen"]
[Date "2011.07.06"]
[Round "2"]
[White "Borkenhagen, Bernd"]
[Black "Pachler, Klaus"]
[Result "1/2-1/2"]
[WhiteElo "1469"]
[BlackElo "1735"]
[PlyCount "108"]
[EventDate "2011.07.05"]
[EventType "swiss"]
[EventRounds "9"]
[EventCountry "GER"]
[SourceTitle "EXT 2012"]
[Source "ChessBase"]
[SourceDate "2011.11.24"]
[SourceVersion "1"]
[SourceVersionDate "2011.11.24"]
[SourceQuality "1"]

1. d4 Nf6 2. Nd2 d5 3. e3 e6 4. Bd3 b6 5. Ngf3 Bb7 6. c3 Be7 7. 0-0 0-0 8. Re1 Ne4 9. Qc2 f5 10. Nf1 c5 11. dxc5 bxc5 12. b3 Nd7 13. Bb2 Rc8 14. Rac1 Bf6 15. Qe2 Qa5 16. c4 Qxa2 17. Bxf6 Qxe2 18. Rxe2 Nexf6 19. cxd5 Bxd5 20. N1d2 g6 21. Bc4 Ng4 22. h3 Nge5 23. Nxe5 Nxe5 24. Bxd5 exd5 25. Rc3 Rfe8 26. f4 Nd7 27. Kf2 Nf6 28. g3 Kf7 29. Kf3 h5 30. Kf2 Ke7 31. Re1 Ne4+ 32. Nxe4 fxe4 33. Ra1 Kd6 34. Rxa7 d4 35. Ra6+ Kd5 36. exd4 cxd4 37. Ra5+ Ke6 38. Rxc8 Rxc8 39. Re5+ Kf6 40. Rxe4 d3 41. Ke3 Rc3 42. Kd2 Rxb3 43. Re3 g5 44. fxg5+ Kxg5 45. Rxd3 Rb2+ 46. Ke3 Rh2 47. Rd5+ Kg6 48. h4 Ra2 49. Kf3 Ra3+ 50. Kg2 Ra4 51. Rg5+ Kh6 52. Kh3 Rb4 53. Kg2 Ra4 54. Kf3 Rb4 1/2-1/2

[Event "Hessen-ch Seniors op 07th"]
[Site "Bad Sooden-Allendorf"]
[Date "2011.05.02"]
[Round "3"]
[White "Borkenhagen, Bernd"]
[Black "Gunnarsson, Leif"]
[Result "0-1"]
[WhiteElo "1485"]
[BlackElo "1778"]
[PlyCount "70"]
[EventDate "2011.04.30"]
[EventType "swiss"]
[EventRounds "9"]
[EventCountry "GER"]
[SourceTitle "EXT 2012"]
[Source "ChessBase"]
[SourceDate "2011.11.24"]
[SourceVersion "1"]
[SourceVersionDate "2011.11.24"]
[SourceQuality "1"]

1. c4 Nf6 2. Nc3 e5 3. e4 g6 4. d3 Bg7 5. Nf3 d6 6. Be2 0-0 7. Bg5 Nc6 8. Nd5 Be6 9. Nxf6+ Bxf6 10. Bxf6 Qxf6 11. h3 a6 12. Qd2 Kg7 13. a3 h6 14. b4 Rh8 15. 0-0 Qe7 16. Qb2 Qf6 17. Qd2 g5 18. Qd1 Qg6 19. Nh2 h5 20. f3 Nd4 21. Kh1 Qf6 22. Ra2 Rag8 23. Rb2 Qg6 24. Rg1 g4 25. fxg4 Nxe2 26. Qxe2 hxg4 27. Qe3 Kf8 28. Qa7 gxh3 29. Qb8+ Ke7 30. Qxc7+ Bd7 31. c5 hxg2+ 32. Rgxg2 Rxh2+ 33. Kxh2 Qh6+ 34. Kg1 Qc1+ 35. Kh2 Rh8+ 0-1